000 00572nam a2200205Ia 4500
003 OSt
005 20251211164703.0
008 210707s1983 xx 000 0 und d
040 _cAL
041 _aKannada
082 _aK894.1 PARI
100 _aPARAMESHVARA BHATTA (S V)
_dಎಸ್ ವಿ ಪರಮೇಶ್ವರ ಭಟ್ಟ
_9248912
245 _aIndrachapa.
_bಇಂದ್ರಚಾಪ
260 _aBengaluru
_bVishva Kannada Sammelana
_c1983
300 _a244 p
365 _b2
_cINR
563 _aPB
650 _aKannada Poetry
_9248913
942 _2ddc
_cBK
999 _c180125
_d180125